000 00785nam a2200229Ii 4500
003 JO-AjNU
008 230605s9999||||xx |||||||||||||| ||und||
017 _a2014/7/3311
020 _a978-9957-16-893-3
040 _aJO-AjNU
_bara
_erda
_cJO-AjNU
041 _aara
050 1 4 _aJX1245.A22.2015
100 3 _a علوان ، عبدالكريم ,
_eauthor
_950807
245 0 0 _aالوسيط في القانون الدولي العام : الكتاب الثالث " حقوق الإنسان "
250 _aط2
264 3 1 _aعمان : دار الثقافة ، 2015
300 _a360ص
336 _atext
_btxt
_2rdacontent
337 _aunmediated
_bn
_2rdamedia
338 _avolume
_bnc
_2rdacarrier
650 4 _aالقانون الدولي -- حقوق الإنسان
_950808
999 _aA22403
_c25971
_d25971